00475nam a2200169Ia 4500008004100000040001900041041001200060082002300072100001700095245006100112260002400173300001800197440003100215650001200246651002000258850002700278131103s9999 xx 000 0 und d aLoreto College aEnglish a821.17/CHAb#NAME? aPearce, L.K. 4aThe prologueb Notes, translation and text cL.K. Pearce aLondonbColesc1973 a84p. c 20cm. aChaucer's canterbury tales aChaucer aEnglish Poetry  aLCLIB/821.17/CHA - PEA